MARC details
| 000 -LEADER |
| fixed length control field |
01093nam a2200289 a 4500 |
| 003 - CONTROL NUMBER IDENTIFIER |
| control field |
CBULib |
| 005 - DATE AND TIME OF LATEST TRANSACTION |
| control field |
20240130092545.0 |
| 008 - FIXED-LENGTH DATA ELEMENTS--GENERAL INFORMATION |
| fixed length control field |
201111s2020 ||||||||||||||||| || u |
| 020 ## - INTERNATIONAL STANDARD BOOK NUMBER |
| International Standard Book Number |
9211129745 |
| 020 ## - INTERNATIONAL STANDARD BOOK NUMBER |
| International Standard Book Number |
9789211129748 |
| 040 ## - CATALOGING SOURCE |
| Original cataloging agency |
CBULib |
| Language of cataloging |
English |
| Transcribing agency |
CBULib |
| Description conventions |
rda |
| 041 ## - LANGUAGE CODE |
| Language code of text/sound track or separate title |
eng |
| 050 ## - LIBRARY OF CONGRESS CALL NUMBER |
| Classification number |
UNCTAD(02)2020/1 |
| 110 ## - MAIN ENTRY--CORPORATE NAME |
| Corporate name or jurisdiction name as entry element |
United Nations Conference on Trade and Development (UNCTAD) |
| 245 10 - TITLE STATEMENT |
| Title |
Challenges, policy options, and the way forward : economic diversification in selected asian landlocked developing countries (Bhutan, Kazakhstan, Mongolia and Turkmenistan) |
| Statement of responsibility, etc |
/ by United Nations Conference on Trade and Development (UNCTAD) |
| 260 ## - PUBLICATION, DISTRIBUTION, ETC. (IMPRINT) |
| Place of publication, distribution, etc |
Geneva : |
| Name of publisher, distributor, etc |
United Nations, |
| Date of publication, distribution, etc |
2020. |
| 300 ## - PHYSICAL DESCRIPTION |
| Extent |
108 pages : illustrations |
| 336 ## - CONTENT TYPE |
| Content type term |
Text | |
| Source |
rdacontent |
| Content type code |
txt |
| 337 ## - MEDIA TYPE |
| Media type term |
Unmediated | |
| Source |
rdamedia |
| Media type code |
n |
| 338 ## - CARRIER TYPE |
| Source |
rdacarrier |
| Carrier type term |
Volume |
| Carrier type code |
nc |
| 500 ## - GENERAL NOTE |
| General note |
UNCTAD/ALDC/2020/1. |
| 650 #0 - SUBJECT ADDED ENTRY--TOPICAL TERM |
| Topical term or geographic name as entry element |
ASIA--ECONOMIC CONDITIONS |
| 650 #0 - SUBJECT ADDED ENTRY--TOPICAL TERM |
| Topical term or geographic name as entry element |
ECONOMIC DEVELOPMENT |
| 650 #0 - SUBJECT ADDED ENTRY--TOPICAL TERM |
| Topical term or geographic name as entry element |
ASIA--COMMERCE |
| 942 ## - ADDED ENTRY ELEMENTS (KOHA) |
| Source of classification or shelving scheme |
|
| Koha item type |
INTERNATIONAL PUBLICATIONS |